| 000 | 00480nam a2200181Ia 4500 | ||
|---|---|---|---|
| 001 | 25111 | ||
| 005 | 20260414151128.0 | ||
| 008 | 260414t2013||||xx |||||||||||||| ||spa|| | ||
| 041 | _aESP | ||
| 082 |
_a346.2 _bV915 |
||
| 100 |
_aVálgoma, María de la _eAUT |
||
| 245 | 0 |
_aPadres sin derechos, hijos sin deberes : _bel laberinto jurídico de la infancia |
|
| 260 | _c2013 | ||
| 300 |
_a257 páginas : _c23 cm. |
||
| 650 | _aDER | ||
| 654 | _aCDE | ||
| 942 |
_cLIB _dJUS _fJUS _2ddc _n |
||
| 999 |
_c25111 _d25111 |
||